COMPUTER GRAPHICS FOR JAVA PROGRAMMERS (Record no. 216600)

MARC details
000 -LEADER
fixed length control field 00532nam a22001817a 4500
008 - FIXED-LENGTH DATA ELEMENTS--GENERAL INFORMATION
fixed length control field 260224b |||||||| |||| 00| 0 eng d
020 ## - INTERNATIONAL STANDARD BOOK NUMBER
International Standard Book Number 978-3-3198-7532-3
100 ## - MAIN ENTRY--PERSONAL NAME
Personal name AMMERAAL, LEEN
245 ## - TITLE STATEMENT
Title COMPUTER GRAPHICS FOR JAVA PROGRAMMERS
250 ## - EDITION STATEMENT
Edition statement 3RD EDITION
260 ## - PUBLICATION, DISTRIBUTION, ETC.
Place of publication, distribution, etc. RICHARDSON, TX
Name of publisher, distributor, etc. SPRINGER INTERNATIONAL PUBLISHING
Date of publication, distribution, etc. 2017
300 ## - PHYSICAL DESCRIPTION
Extent X, 387P.
500 ## - GENERAL NOTE
General note INCLUDES BIBLIOGRAPHICAL REFERENCES AND INDEX
650 ## - SUBJECT ADDED ENTRY
Topical term or geographic name entry element COMPUTER GRAPHICS
700 ## - ADDED ENTRY--PERSONAL NAME
Personal name ZHANG, KANG
942 ## - ADDED ENTRY ELEMENTS (KOHA)
Source of classification or shelving scheme Library of Congress Classification
Koha item type Long Loan Book
Holdings
Withdrawn status Lost status Source of classification or shelving scheme Damaged status Not for loan Collection Home library Current library Date acquired Inventory number Total checkouts Full call number Barcode Date last seen Copy number Price effective from Koha item type
    Library of Congress Classification     Science & Technology Kisii University Library Kisii University Library 02/24/2026 112030   T 385 .A46 2017 A000769 02/24/2026 1 02/24/2026 Long Loan Book
    Library of Congress Classification     Science & Technology Kisii University Library Kisii University Library 02/24/2026 112031   T 385 .A46 2017 A000770 02/24/2026 2 02/24/2026 Long Loan Book
    Library of Congress Classification     Science & Technology Kisii University Library Kisii University Library 02/24/2026 112032   T 385 .A46 2017 A000768 02/24/2026 3 02/24/2026 Long Loan Book
    Library of Congress Classification     Science & Technology Kisii University Library Kisii University Library 02/24/2026 112033   T 385 .A46 2017 A000756 02/24/2026 4 02/24/2026 Long Loan Book
    Library of Congress Classification     Science & Technology Kisii University Library Kisii University Library 02/24/2026 112034   T 385 .A46 2017 A000767 02/24/2026 5 02/24/2026 Long Loan Book